000 00465nam a2200169Ia 4500
008 230917s9999||||xx |||||||||||||| ||und||
020 _cRS450
040 _e253026
_aMAIN
041 _aEnglish
082 _a658.15 M698F
100 _aMittra, Sid
245 0 _aFinancial planning: Theory and practice
260 _aNew Delhi
_bSage Texts
_c2015
300 _axxi, 398 p.
500 _a3398 09/01/2019 HBD19/7738 20/02/2019 IMSAR (Dev. & Research)
942 _cBK
999 _c29844
_d29844